000 00404nam a2200145 i 4500
001 31922
003 ES-MaACL
007 t|
008 030130s1968 sp ||||1| spa d
100 1 _aBenichou, Paul.
_927587
245 1 0 _aCreación poética en el romancero tradicional /
_cPaul Benichou.
260 _aMadrid :
_bGredos,
_c[1968]
300 _a190 p. ;
_c20 cm.
852 _aES-MaACL
_jG-3928
_bR.65477
999 _c31922
_d31922